000 00945nam a2200277 a 4500
001 000000794
003 DO-SdBNP
005 20220202102339.0
007 000000794
008 090509s2008 dr 000 p spa d
020 _a9789993442769
040 _aBPMSU
_bspa
_cBPMSU
082 _aRD861.44
_bR696p 2008
_222
100 1 _aRodríguez Demorizi, Emilio,
_d1908-1986
245 1 0 _aPoesía patriótica en Santo Domingo :
_bapuntes para su estudio /
_cEmilio Rodríguez Demorizi.
246 1 4 _aPoesía patriótica en Santo Domingo
260 _aSanto Domingo :
_bFerilibro,
_c2008.
300 _a57 p. ;
_c23 cm.
500 _aIncluye datos biográficos del autor en la solapa de la cubierta
590 _6Inventariado, 2022/VM
650 4 _aPoesía patriótica dominicana
650 4 _aLiteratura domnicana
710 2 _aDirección General de la Feria del Libro (República Dominicana)
910 _aVMateo V.
942 _2ddc
_cBK
999 _c8171
_d8171